| 000 | 00402nam a22001457a 4500 | ||
|---|---|---|---|
| 008 | 250605b |||||||| |||| 00| 0 eng d | ||
| 020 | _a9789784947312 | ||
| 050 |
_aPR 6051 _b.A 28 |
||
| 100 | _aAbu Euginia | ||
| 245 | _aDon't look at me like that (poem) | ||
| 260 |
_aIbadan _bKrafts books limited _c2009 |
||
| 300 | _a114p | ||
| 650 |
_acommercial artists- Fiction _vAdultery _ fiction |
||
| 942 | _cBK | ||
| 999 |
_c3792 _d3792 |
||